| 000 | 00545nam a22002057a 4500 | ||
|---|---|---|---|
| 003 | OSt | ||
| 005 | 20140310182820.0 | ||
| 008 | 130304t xxu||||| |||| 00| 0 eng d | ||
| 020 | _a9789710090921 | ||
| 050 |
_aBV 4597.52 _b.H733 2008 |
||
| 082 |
_aM 232.903 _bH733 2008 |
||
| 245 |
_aThe relationship principles of Jesus _cHolladay, Tom |
||
| 260 |
_aGrand Rapids, Mich. _bZondervan _cc2008 |
||
| 300 |
_a334 p. _c24 cm. |
||
| 521 | _acollege students | ||
| 526 | _c1210L-1700L | ||
| 541 | _j1 | ||
| 562 | _e1 | ||
| 942 |
_2lcc _cBK _kM |
||
| 999 |
_c16387 _d16387 |
||